« Retourner aux résultats de recherche
50 prompts pour trouver l'emploi de vos rêves
quand l'IA devient votre coach emploi
| Auteur principal: | Daniel Pigeon-Angelini |
|---|---|
| Support: | Livres |
| Langue: | Francais |
| Genre: |
Documentaire |
| Sujets: | |
| Étiquettes: |
Ajouter
Pas de Tags !
|
| LEADER | 00886nam0a2200181 450 | ||
|---|---|---|---|
| 001 | 16848001 | ||
| 010 | |a 978-2-10-088092-8 |b br. |d 15 | ||
| 100 | |a 20250120d2025 u u0frey01 ba | ||
| 101 | 0 | |a fre | |
| 102 | |a FR | ||
| 200 | 0 | |a 50 prompts pour trouver l'emploi de vos rêves |e quand l'IA devient votre coach emploi |f Daniel Pigeon-Angelini | |
| 207 | 1 | |a | |
| 215 | |a 1 vol. (144 p.) |d 22 x 16 cm | ||
| 330 | |a Un guide pour découvrir l'utilité de l'intelligence artificielle dans les différents domaines de la recherche d'emploi : comment se préparer, définir un projet professionnel, acquérir des compétences, candidater ou encore s'entraîner aux entretiens d'embauche. | ||
| 700 | 0 | |a Pigeon-Angelini |b Daniel |4 70 | |
| 900 | |a Documentaire | ||
| 901 | |a Accessible au prêt | ||
| 995 | |a Bibliothèque |c Bibliothèque |f 00156011598612 |h 00156011598612 |k 331.123 PIG |o p |q a |r az |e Bibliothèque | ||
